000 02018cam a22004097a 4500
003 CHAP
005 20220329141044.0
008 971013m1996 rs 00110 d
010 _a61959
011 _a62931
035 _a67107
040 _cCHAP
082 0 4 _a312.0972
_bI57 1995 Oax.
110 2 _aInstituto Nacional de Estadística, Geografía e Informática. México
_959304
245 1 0 _aConteo de población y vivienda 1995 :
_bOaxaca : resultados definitivos
_c/por Instituto Nacional de Estadística, Geografía e Informática
260 _aAguascalientes, Ags. :
_bInstituto Nacional de Estadística, Geografía e Informática,
_c1997.
300 _av.
500 _aLa biblioteca tiene: v.1 Tabulados básicos(5 Ptes.) -- v.2 Por distrito -- v.3 Perfil sociodemográfico
590 _aBATCH-UPD
_b10
_c20130110
_lUCH01
_h2221
590 _aBATCH-UPD
_b10
_c20130409
_lUCH01
_h2356
590 _aBATCH-UPD
_b10
_c20130410
_lUCH01
_h1519
590 _aBATCH-UPD
_b10
_c20130914
_lUCH01
_h1821
590 _aCONVERSION
_b10
_c20130109
_lUCH01
_h1333
650 1 4 _aMéxico
_xCensos (1995)
_976663
650 1 4 _aPoblación
_xEstadísticas
_zOaxaca.
_989392
650 1 4 _aPoblación
_zOaxaca.
_989432
650 1 4 _aVivienda
_xOaxaca.
_9120141
901 _aBK
942 _cLIBRO
949 _a312.0972 I57 1995 Oax.
_bBC
_cINEGI
_d33724000640298
_eINEGI
_fv.1 Pte.1
_h91468
_i67107
_sb
_t75.00
949 _a312.0972 I57 1995 Oax.
_bBC
_cINEGI
_d33724000640314
_eINEGI
_fv.1 Pte.5
_h91472
_i67107
_sb
_t57.00
949 _a312.0972 I57 1995 Oax.
_bBC
_cINEGI
_d33724000640322
_eINEGI
_fv.1 Pte.4
_h91471
_i67107
_sb
_t57.00
949 _a312.0972 I57 1995 Oax.
_bBC
_cINEGI
_d33724000640330
_eINEGI
_fv.1 Pte.3
_h91470
_i67107
_sb
_t57.00
949 _a312.0972 I57 1995 Oax.
_bBC
_cINEGI
_d33724000640348
_eINEGI
_fv.1 Pte.2
_h91469
_i67107
_sb
_t57.00
949 _a312.0972 I57 1995 Oax.
_bBC
_cINEGI
_d33724000702270
_eINEGI
_fv.3
_h93956
_i67107
_sb
949 _a312.0972 I57 1995 Oax.
_bBC
_cINEGI
_d33724000830535
_eINEGI
_fv.2
_h92901
_i67107
_kDonaciØn
_sb
999 _c61959
_d61959